| 000 | 005060000a22001690004500 | ||
|---|---|---|---|
| 041 | 0 | _aSPA | |
| 082 | 0 | 4 | _aG 267.61 B8553v |
| 100 | 1 | _aBright, Bill | |
| 245 | 1 | 0 | _aVen, ayuda a cambiar el mundo / Bill Bright ; Estela Hernández de Henriquez, Traductor |
| 260 | _a[S.L] : Cruzada Estudiantil y Profesional para Cristo de América | ||
| 300 | _a236 Pag | ||
| 001 | 7731 | ||
| 942 | _cBK | ||
| 999 |
_c37936 _d37936 |
||
| 336 |
_atexto _btxt _2rdacontent |
||
| 337 |
_2rdamedia _asin mediación _bn |
||
| 338 |
_2rdacarrier _avolumen _bnc |
||